000 00468nam a22001691a 4500
020 _a9788126105090
082 _a796.071
_bSAT/P
245 _aPhysical Education and sports in elementary schools/
_cby Satish Sonkar (ed.)
260 _aNew Delhi:
_bAnmol,
_c2000.
300 _a334p.
650 _aElementary education Physical education
650 _aPhysical Education
650 _aEducation
650 _aSports
700 _aSatish Sonkar (ed.)
942 _cBK
999 _c34595
_d34595